<A> hazai gazdaság négy évtizedének története 1945-1985 Rész 1. Az újjáépítés és a tervutasításos irányítás idöszaka 1945-1968

Na minha lista:
Detalhes bibliográficos
Autor principal: Petö, Iván
Outros Autores: Szakács, Sándor
Formato: Livro
Idioma:húngaro
Publicado em: Budapest Közgazdasági és Jogi Könyvkiadó 1985
Edição:1. kiadás.
Tags: Adicionar Tag
Sem tags, seja o primeiro a adicionar uma tag!

MARC

LEADER 00000nam a2200000 4500
001 c022362
005 20221220081815.9
041 0 |a hun 
044 |a HU 
245 1 0 |a <A> hazai gazdaság négy évtizedének története 1945-1985  |b Rész 1. Az újjáépítés és a tervutasításos irányítás idöszaka 1945-1968  |c Iván Petö, Sándor Szakács 
250 |a 1. kiadás. 
264 1 |a Budapest  |b Közgazdasági és Jogi Könyvkiadó  |c 1985 
300 |a 764 s. 
100 1 |a Petö, Iván 
700 1 |a Szakács, Sándor